A survey of mathematics with applications/ (Record no. 14096)

000 -LEADER
fixed length control field 00611nam a22001817a 4500
008 - FIXED-LENGTH DATA ELEMENTS--GENERAL INFORMATION
fixed length control field 160927b xxu||||| |||| 00| 0 eng d
020 ## - INTERNATIONAL STANDARD BOOK NUMBER
International Standard Book Number 0321112504
050 ## - LIBRARY OF CONGRESS CALL NUMBER
Classification number QA 39.3
Item number .A54 2004
100 ## - MAIN ENTRY--PERSONAL NAME
Personal name Angel Allen R.
245 ## - TITLE STATEMENT
Title A survey of mathematics with applications/
Statement of responsibility, etc. Allen R. Angel, Christine D. Abbott and Dennis C. Runde
250 ## - EDITION STATEMENT
Edition statement 7th ed.
260 ## - PUBLICATION, DISTRIBUTION, ETC. (IMPRINT)
Place of publication, distribution, etc. Boston;
Name of publisher, distributor, etc. Pearson addison wesley,
Date of publication, distribution, etc. 2004.
300 ## - PHYSICAL DESCRIPTION
Extent xx,825p. :ill. ;
Other physical details Include index.
650 ## - SUBJECT ADDED ENTRY--TOPICAL TERM
Topical term or geographic name as entry element Mathematics.
700 ## - ADDED ENTRY--PERSONAL NAME
Personal name abbott, Christine D.
700 ## - ADDED ENTRY--PERSONAL NAME
Personal name Runde, Dennis C.
942 ## - ADDED ENTRY ELEMENTS (KOHA)
Source of classification or shelving scheme
Koha item type Hard Covered Materials
Classification part QA 39.3 .A54 2004
Holdings
Withdrawn status Lost status Source of classification or shelving scheme Damaged status Not for loan Home library Current library Shelving location Date acquired Total Checkouts Full call number Barcode Date last seen Price effective from Koha item type Source of acquisition
          MACHAKOS UNIVERSITY LIBRARY MACHAKOS UNIVERSITY LIBRARY Open shelf 27/09/2016   QA 39.3 .A54 2004 26123 06/06/2019 27/09/2016 Hard Covered Materials  
          MACHAKOS UNIVERSITY LIBRARY MACHAKOS UNIVERSITY LIBRARY Technical section 31/10/2016   QA 39.3 .A54 2004 27404 11/07/2018 31/10/2016 Hard Covered Materials Donation (BFA)
© Machakos University Library, Along The Highway, Machakos Wote Rd, Machakos, Kenya P.O. Box 136 - 90100 Machakos - Kenya

Tel: ( +254 ) 723 805829 OR Fax : 044-20353 OR Email: library@mksu.ac.ke